The Penguin atlas of modern history (to 1815)
Αποθηκεύτηκε σε:
| Κύριος συγγραφέας: | |
|---|---|
| Μορφή: | Βιβλίο |
| Γλώσσα: | English |
| Δημοσίευση: |
Harmondsworth :
Penguin,
1986
|
| Θέματα: | |
| Ετικέτες: |
Προσθήκη ετικέτας
Δεν υπάρχουν, Καταχωρήστε ετικέτα πρώτοι!
|
MARC
| LEADER | 00000nam a2200000 i 4500 | ||
|---|---|---|---|
| 001 | 1/85309 | ||
| 008 | 990701s1986 eng d | ||
| 020 | |a 0-14-051153-9 | ||
| 035 | |l 10051808 | ||
| 040 | |a GR-MY-UA |b gre |e aacr | ||
| 041 | 0 | |a eng | |
| 082 | 0 | |a 911 | |
| 100 | 1 | |a McEvedy, Colin. | |
| 245 | 1 | 4 | |a The Penguin atlas of modern history (to 1815) / |c Colin McEvedy ; maps devised by the author and lettered by Ivan Atanasoff |
| 260 | |a Harmondsworth : |b Penguin, |c 1986 | ||
| 300 | |a 96 p. |b maps., ill. | ||
| 500 | |a Includes index | ||
| 650 | 0 | 0 | |a Historical geography |x Maps. |
| 650 | 0 | 0 | |a History, Modern. |
| 852 | |a INST |b LESVOS |e 19990701 |h 911 MCE |p 005100021402 |q 005100021402 |t BK |y 0 | ||
| 901 | |a BIBL1-2000-2 | ||
| 909 | |a Λ |b 062542 | ||
| 922 | |a 1ΕΛΗ |b 199812 |c ΚΠΣ/ΚΥΒ |d LEADER | ||
| 950 | |a 023-1998-09-14 | ||
| 970 | |z 2000/06/ELIDOC | ||